000 00601nam a2200205 a 4500
005 20140310183210.0
008 030224s19uu xx 00 eng d
020 _a9831363086
050 _aHD 58.8
_b.M3322 2000
100 _aMatthei, Wesley G.
245 _a[Mis] managing the system :
_bhow to change the system /
_cWesley G. Mattthei.
260 _aMalaysia :
_bSynergy ;
_c2000.
300 _a350 p. :
_c21 cm.
521 _aBSBA
650 _aOrganizational change
650 _aOrganizational effectiveness
650 _aPublic administration
942 _cBK
_2lcc
_kFOR
999 _c20113
_d20113